[Event "Veletrzni turnaj 2017 A "]
[Site "SÅ  informatiky, poÅ¡tovnictvÃ"]
[Date "2017.08.27"]
[Round "2.6"]
[White "Macurek, Miloslav"]
[Black "Romanov, Sergey"]
[Result "1/2-1/2"]
[WhiteElo "1854"]
[BlackElo "2111"]
[PlyCount "37"]
[EventDate "2017.08.27"]

1. e4 c5 2. Nf3 Nf6 3. Nc3 Nc6 4. d4 d5 5. exd5 Nxd5 6. dxc5 Nxc3 7. Qxd8+ Nxd8
8. bxc3 f6 9. Nd4 a6 10. f4 e5 11. fxe5 fxe5 12. Nb3 Bf5 13. Bd3 e4 14. O-O
exd3 15. Rxf5 dxc2 16. Bf4 Nc6 17. Re1+ Be7 18. Bd6 Rf8 19. Rxf8+ 1/2-1/2

[Event "Veletrzni turnaj 2017 A "]
[Site "SÅ  informatiky, poÅ¡tovnictvÃ"]
[Date "2017.08.27"]
[Round "2.7"]
[White "Krejci, Petr"]
[Black "Straka, Vojtech"]
[Result "0-1"]
[WhiteElo "2077"]
[BlackElo "1830"]
[PlyCount "90"]
[EventDate "2017.08.27"]

1. Nf3 Nf6 2. g3 Nc6 3. d4 e6 4. Bg2 b6 5. O-O Bb7 6. c4 d5 7. Nc3 Bb4 8. cxd5
exd5 9. Bg5 Bxc3 10. bxc3 h6 11. Bxf6 Qxf6 12. Nd2 O-O 13. e4 dxe4 14. Nxe4 Qf5
15. f4 Rfe8 16. g4 Qd7 17. Nf2 Na5 18. Bxb7 Nxb7 19. Qf3 Nd6 20. f5 Qe7 21. Qc6
Rad8 22. Kg2 Qg5 23. Rae1 Re7 24. Re5 Rxe5 25. dxe5 Nxf5 26. Re1 Rd2 27. Kf3
Nh4+ 28. Kg3 Ng6 29. Qe8+ Kh7 30. Qxf7 Qh4+ 31. Kg2 Qxg4+ 32. Kf1 Qf4 33. Qxf4
Nxf4 34. e6 Rd8 35. Re4 Ng6 36. h4 h5 37. Nh3 Kg8 38. Ke2 Kf8 39. Nf4 Nxf4+ 40.
Rxf4+ Ke7 41. Rf7+ Kxe6 42. Rxc7 Rd7 43. Rc4 Kf5 44. Ke3 g5 45. hxg5 Kxg5 0-1

[Event "Veletrzni turnaj 2017 A "]
[Site "SÅ  informatiky, poÅ¡tovnictvÃ"]
[Date "2017.08.27"]
[Round "2.8"]
[White "Rehurek, Karel"]
[Black "Popper, Tomas"]
[Result "0-1"]
[WhiteElo "1826"]
[BlackElo "2025"]
[PlyCount "64"]
[EventDate "2017.08.27"]

1. e4 e5 2. Nf3 d6 3. Bc4 Be7 4. Nc3 c6 5. d4 exd4 6. Nxd4 Nf6 7. O-O O-O 8.
Re1 Re8 9. Bf4 Bf8 10. Bg5 h6 11. Bh4 Nbd7 12. Nf5 Ne5 13. Bb3 Bxf5 14. exf5 d5
15. f4 Neg4 16. Qf3 Bc5+ 17. Kh1 Re3 18. Rxe3 Nxe3 19. Na4 Bb6 20. c3 Nxf5 21.
Bxf6 Qxf6 22. Nxb6 axb6 23. Re1 Rd8 24. Bc2 Nd6 25. Qe3 g6 26. Qxb6 Ra8 27. Qb4
Rxa2 28. Bd3 b5 29. b3 Ne4 30. Bxe4 dxe4 31. g3 Qf5 32. Qd4 Qh5 0-1

[Event "Veletrzni turnaj 2017 A "]
[Site "SÅ  informatiky, poÅ¡tovnictvÃ"]
[Date "2017.08.27"]
[Round "2.9"]
[White "Stehlik, Jiri"]
[Black "Hrdlicka, Vladan"]
[Result "1/2-1/2"]
[WhiteElo "1989"]
[BlackElo "1781"]
[PlyCount "108"]
[EventDate "2017.08.27"]

1. c4 Nf6 2. Nf3 c5 3. g3 e6 4. Bg2 Be7 5. Nc3 a6 6. O-O Qc7 7. b3 Nc6 8. d4
cxd4 9. Nxd4 Bc5 10. Nxc6 bxc6 11. Na4 Be7 12. c5 Rb8 13. Qc2 Rb5 14. Bb2 O-O
15. Rac1 a5 16. e4 Ba6 17. Rfd1 Qa7 18. e5 Nd5 19. Bd4 Nb4 20. Qb1 Nd5 21. h4
Rfb8 22. Be4 h6 23. Qb2 Rb4 24. Bxd5 Rxa4 25. Bf3 Rab4 26. Rc3 a4 27. Qc2 Qc7
28. Re3 axb3 29. Rxb3 Rc4 30. Rc3 Rbb4 31. Rxc4 Bxc4 32. Bc3 Rb7 33. Bd4 Bd5
34. Bxd5 cxd5 35. Rc1 Rb4 36. Qd2 Qb7 37. Kg2 Qb5 38. Kh2 Qa4 39. Bc3 Rc4 40.
Rb1 Bxc5 41. Rb8+ Kh7 42. Rb2 g6 43. Kg1 d4 44. Ba5 Ba3 45. Rb3 Rc1+ 46. Kg2
Qc6+ 47. Rf3 Rc5 48. Qf4 f5 49. Bd2 g5 50. hxg5 Bc1 51. g6+ Kxg6 52. Qxh6+ Kf7
53. Qf6+ Ke8 54. Qh8+ Kf7 1/2-1/2

[Event "Veletrzni turnaj 2017 A "]
[Site "SÅ  informatiky, poÅ¡tovnictvÃ"]
[Date "2017.08.27"]
[Round "2.10"]
[White "Barak, David"]
[Black "Pribyl, Rene"]
[Result "1/2-1/2"]
[WhiteElo "1785"]
[BlackElo "1988"]
[PlyCount "177"]
[EventDate "2017.08.27"]

1. d4 d5 2. c4 e6 3. Nc3 Nf6 4. cxd5 exd5 5. Bg5 c6 6. e3 Bf5 7. Bd3 Bxd3 8.
Qxd3 Be7 9. Nf3 Nbd7 10. O-O O-O 11. a3 h6 12. Bh4 Re8 13. Rfc1 a5 14. Rab1 a4
15. Qc2 b5 16. Na2 Rc8 17. Ne1 Nb6 18. Bxf6 Bxf6 19. Nd3 Nc4 20. Nab4 Be7 21.
Na6 Bd6 22. g3 Qd7 23. Qd1 f5 24. Rc2 Qf7 25. Kh1 g5 26. Qf3 Qg6 27. Rd1 Re7
28. Re2 Kh7 29. Nab4 h5 30. Rde1 Re4 31. Qg2 Bxb4 32. Nxb4 Rce8 33. Qg1 Qd6 34.
Nd3 R4e6 35. f4 g4 36. Ne5 Kg7 37. Kg2 b4 38. axb4 Qxb4 39. Qf2 Rb8 40. Nxc4
Qxc4 41. Rc2 Qd3 42. Rc3 Qe4+ 43. Kg1 Rb3 44. Rec1 Rxc3 45. Rxc3 Re7 46. Qc2
Qxc2 47. Rxc2 Rxe3 48. Rxc6 Rd3 49. Kf1 Rxd4 50. Ke2 Rb4 51. Rc2 Rb3 52. Rd2
Kf6 53. Kd1 Ke6 54. Kc2 Re3 55. Rd4 Re4 56. Rd2 Kd6 57. b3 a3 58. Kb1 Kc5 59.
Ka2 Kb4 60. Rc2 Re3 61. Rd2 Rxb3 62. Rxd5 Rb2+ 63. Ka1 Rxh2 64. Rxf5 Kc4 65.
Ra5 a2 66. f5 Rf2 67. f6 Rxf6 68. Kxa2 Rf2+ 69. Kb1 Rh2 70. Kc1 Kd3 71. Ra3+
Ke4 72. Kd1 Rf2 73. Ke1 Rf3 74. Ra4+ Kf5 75. Ra5+ Kg6 76. Ra6+ Kg5 77. Ra5+ Rf5
78. Ra8 Rb5 79. Kf2 Kf5 80. Rf8+ Ke4 81. Re8+ Re5 82. Rd8 Kf5 83. Kg2 Ra5 84.
Rf8+ Kg6 85. Rg8+ Kf7 86. Rb8 Ra2+ 87. Kg1 Kf6 88. Rb5 Kg6 89. Rc5 1/2-1/2

[Event "Veletrzni turnaj 2017 A "]
[Site "SÅ  informatiky, poÅ¡tovnictvÃ"]
[Date "2017.08.27"]
[Round "2.11"]
[White "Snorek, Milan"]
[Black "Nezval, Filip"]
[Result "1-0"]
[WhiteElo "1984"]
[BlackElo "1640"]
[PlyCount "77"]
[EventDate "2017.08.27"]

1. d4 d5 2. Nf3 Nf6 3. c4 e6 4. cxd5 exd5 5. Bg5 Be7 6. Nc3 Nbd7 7. Qc2 c6 8.
e3 O-O 9. Bd3 Re8 10. O-O Nf8 11. h3 Ng6 12. Rab1 a5 13. a3 Kh8 14. b4 axb4 15.
axb4 Qd7 16. Rfc1 Rd8 17. Na4 Qe8 18. Nb6 Rb8 19. b5 Ba3 20. Rd1 Be7 21. bxc6
bxc6 22. Nxc8 Rdxc8 23. Rxb8 Rxb8 24. Rc1 Rb6 25. Bxg6 hxg6 26. Ne5 Ba3 27. Ra1
Bd6 28. Nd3 Ne4 29. Bf4 Bxf4 30. Nxf4 Qb8 31. Nd3 f6 32. h4 g5 33. hxg5 Nxg5
34. Nf4 Qb7 35. Qg6 Nf7 36. g3 Nd6 37. Kg2 Nf7 38. Ne6 Nh6 39. Ra8+ 1-0

[Event "Veletrzni turnaj 2017 A "]
[Site "SÅ  informatiky, poÅ¡tovnictvÃ"]
[Date "2017.08.27"]
[Round "2.13"]
[White "Tikovsky, Alexandr"]
[Black "Pelikan, Jaromir"]
[Result "1-0"]
[WhiteElo "2168"]
[BlackElo "1822"]
[PlyCount "57"]
[EventDate "2017.08.27"]

1. d4 Nf6 2. Bf4 d5 3. e3 g6 4. Nf3 Bg4 5. h3 Bxf3 6. Qxf3 Bg7 7. Nd2 O-O 8. g4
c5 9. c3 cxd4 10. exd4 Nc6 11. Bg2 e6 12. O-O Rc8 13. Rfe1 Na5 14. Bf1 a6 15.
Bg5 h6 16. Bf4 Nh7 17. Qe3 g5 18. Bg3 b5 19. Bd3 Re8 20. Qe2 Nc4 21. Nf3 Nf6
22. a4 bxa4 23. Rxa4 Qb6 24. Rea1 Bf8 25. Rxa6 Qb7 26. Ne5 Bd6 27. Ra7 Qb6 28.
R1a6 Qb8 29. Nxf7 1-0

[Event "Veletrzni turnaj 2017 A "]
[Site "SÅ  informatiky, poÅ¡tovnictvÃ"]
[Date "2017.08.27"]
[Round "2.14"]
[White "Zejda, Karel"]
[Black "Meszaros, Ludek"]
[Result "0-1"]
[WhiteElo "1671"]
[BlackElo "2170"]
[PlyCount "74"]
[EventDate "2017.08.27"]

1. d4 Nf6 2. Nf3 g6 3. Bf4 Bg7 4. e3 d6 5. h3 Nc6 6. Nbd2 O-O 7. c3 Qe8 8. Be2
e5 9. Bg3 e4 10. Nh2 Bd7 11. O-O Qe7 12. Re1 Rae8 13. Nhf1 h6 14. Qc2 g5 15. f3
exf3 16. Bxf3 g4 17. hxg4 Nxg4 18. Qd1 h5 19. Bf4 Qf6 20. Ng3 Qg6 21. Be4 f5
22. Bf3 Bh6 23. Qb3+ Kh8 24. Bxh6 Qxh6 25. Bxg4 fxg4 26. Ndf1 h4 27. Nh1 Re7
28. c4 Ref7 29. Qd3 Qg7 30. Nd2 h3 31. Rf1 g3 32. Rxf7 h2+ 33. Kf1 Rxf7+ 34.
Ke2 Bg4+ 35. Ke1 Nb4 36. Qe4 Re7 37. Qxb7 Rxe3+ 0-1

[Event "Veletrzni turnaj 2017 A "]
[Site "SÅ  informatiky, poÅ¡tovnictvÃ"]
[Date "2017.08.27"]
[Round "2.15"]
[White "Licka, Vlastimil"]
[Black "Dvorakova, Olga"]
[Result "1-0"]
[WhiteElo "1931"]
[BlackElo "1678"]
[PlyCount "91"]
[EventDate "2017.08.27"]

1. d4 Nf6 2. c4 e6 3. Nc3 Bb4 4. Qc2 O-O 5. Bg5 h6 6. Bh4 d6 7. f3 e5 8. a3
Bxc3+ 9. bxc3 Nbd7 10. e3 Re8 11. Bf2 c5 12. d5 e4 13. f4 Ng4 14. h3 Nxf2 15.
Qxf2 f5 16. g4 Qf6 17. Kd2 Qf7 18. gxf5 Qxf5 19. Ne2 b5 20. Ng3 Qf7 21. cxb5
Qxd5+ 22. Kc2 c4 23. Qe2 Nb6 24. a4 Qd3+ 25. Kb2 Qxe2+ 26. Bxe2 d5 27. Ka3 Be6
28. Rad1 Nd7 29. f5 Bf7 30. Bxc4 Nb6 31. Bb3 Rac8 32. Rc1 Nc4+ 33. Bxc4 Rxc4
34. Ne2 Bh5 35. Nf4 Bf3 36. Rhg1 Rd8 37. Kb3 Rcc8 38. Ne6 Rd7 39. Nd4 Rf7 40.
c4 dxc4+ 41. Rxc4 Rxc4 42. Kxc4 Rc7+ 43. Nc6 a6 44. Kc5 axb5 45. axb5 Kf7 46.
b6 1-0

[Event "Veletrzni turnaj 2017 A "]
[Site "SÅ  informatiky, poÅ¡tovnictvÃ"]
[Date "2017.08.27"]
[Round "2.16"]
[White "Cihal, Jan"]
[Black "Feldvabl, Vilem"]
[Result "1/2-1/2"]
[WhiteElo "1832"]
[BlackElo "1658"]
[PlyCount "64"]
[EventDate "2017.08.27"]

1. e4 e5 2. Nf3 Nf6 3. Nc3 Nc6 4. Bb5 Bb4 5. d3 d6 6. O-O h6 7. Nd5 Bc5 8. c3
O-O 9. Ne3 a6 10. Ba4 b5 11. Bc2 Ng4 12. d4 exd4 13. cxd4 Bb6 14. a3 Nxe3 15.
Bxe3 Bg4 16. h3 Bh5 17. g4 Bg6 18. Rc1 Qe7 19. e5 Bxc2 20. Qxc2 Nd8 21. Rfe1 d5
22. Qd3 Rc8 23. b4 g5 24. Nd2 Kg7 25. Kg2 c6 26. Nf1 Rb8 27. Ng3 Kg8 28. Nh5
Ne6 29. Nf6+ Kg7 30. Nh5+ Kg8 31. Ng3 Qa7 32. Nf5 Qd7 1/2-1/2

[Event "Veletrzni turnaj 2017 A "]
[Site "SÅ  informatiky, poÅ¡tovnictvÃ"]
[Date "2017.08.27"]
[Round "2.17"]
[White "Tajovsky, Matej"]
[Black "Veznik, Michael"]
[Result "0-1"]
[WhiteElo "1657"]
[BlackElo "1797"]
[PlyCount "60"]
[EventDate "2017.08.27"]

1. e4 d5 2. exd5 Nf6 3. d4 c6 4. Nf3 cxd5 5. c4 Nc6 6. Nc3 Bg4 7. cxd5 Nxd5 8.
Be2 e6 9. O-O Be7 10. Nxd5 Qxd5 11. Be3 O-O 12. Qd2 Rac8 13. a3 a5 14. Rac1 b5
15. Rfd1 Rfd8 16. Rc2 Bf5 17. Rcc1 h6 18. Kh1 a4 19. Ne1 b4 20. Bc4 Qa5 21. Qe2
bxa3 22. bxa3 Bxa3 23. Ra1 Be7 24. Bb5 a3 25. d5 Nb4 26. Bc4 Nxd5 27. Bxd5 Rxd5
28. Rxd5 Qxd5 29. Bc1 Qb3 30. Qa6 Rc3 0-1

[Event "Veletrzni turnaj 2017 A "]
[Site "SÅ  informatiky, poÅ¡tovnictvÃ"]
[Date "2017.08.27"]
[Round "2.18"]
[White "Fryda, Dominik"]
[Black "Strelec, Ladislav"]
[Result "0-1"]
[WhiteElo "1755"]
[BlackElo "1551"]
[PlyCount "80"]
[EventDate "2017.08.27"]

1. d4 d5 2. Nf3 Nf6 3. c4 dxc4 4. Nc3 e6 5. Bg5 h6 6. Bh4 Nbd7 7. e3 a6 8. a4
Bb4 9. Bxc4 g5 10. Bg3 Ne4 11. Qc2 Nxc3 12. bxc3 Bd6 13. Bd3 f5 14. Qb3 Qe7 15.
Rb1 b6 16. Bc4 Nf8 17. Ne5 Bb7 18. O-O h5 19. f4 h4 20. Be1 g4 21. Bd3 Bxe5 22.
fxe5 Qg5 23. Bd2 Bd5 24. c4 Bxg2 25. Kxg2 h3+ 26. Kf2 Qh4+ 27. Ke2 g3 28. hxg3
Qxg3 29. Be1 Qg4+ 30. Kd2 h2 31. Bh4 Rxh4 32. Rh1 f4 33. exf4 Qxf4+ 34. Kc2
Qf2+ 35. Kc3 Qxd4+ 36. Kc2 Rh3 37. Rbd1 O-O-O 38. Qb1 Rxd3 39. Rxd3 Qxd3+ 40.
Kb2 Qe2+ 0-1

[Event "Veletrzni turnaj 2017 A "]
[Site "SÅ  informatiky, poÅ¡tovnictvÃ"]
[Date "2017.08.27"]
[Round "2.19"]
[White "Vavrinkova, Anna"]
[Black "Blazek, Pavel"]
[Result "1/2-1/2"]
[WhiteElo "1596"]
[BlackElo "1749"]
[PlyCount "107"]
[EventDate "2017.08.27"]

1. e4 Nc6 2. d4 d5 3. e5 Bf5 4. Nf3 e6 5. Bb5 a6 6. Bd3 Bxd3 7. Qxd3 Qd7 8.
Nbd2 Nb4 9. Qc3 Qc6 10. Qxc6+ bxc6 11. Kd1 c5 12. c3 Nc6 13. Re1 a5 14. Ke2 a4
15. Kf1 Nh6 16. Nb1 cxd4 17. cxd4 Nf5 18. Rd1 Nb4 19. Nc3 c5 20. Ne2 Nxd4 21.
Nexd4 cxd4 22. Nxd4 Bc5 23. Nb5 Rb8 24. Nc3 Nc2 25. Rb1 Bd4 26. Nxa4 Bxe5 27.
Bd2 Ke7 28. b3 Rhc8 29. Bc1 Bd6 30. Bb2 g6 31. Nc3 Bb4 32. Rd3 Bxc3 33. Rxc3
Rxc3 34. Bxc3 Na3 35. Rc1 Kd7 36. Be5 Rc8 37. Rxc8 Kxc8 38. Ke2 Kb7 39. Kd3 Kc6
40. Bd4 Nb5 41. Bb2 Nd6 42. a4 Ne4 43. f3 Nc5+ 44. Kc3 f6 45. Ba3 e5 46. Bxc5
Kxc5 47. b4+ Kb6 48. a5+ Kb5 49. Kd3 f5 50. g3 e4+ 51. fxe4 dxe4+ 52. Ke3 Ka6
53. h4 h5 54. Kf4 1/2-1/2

[Event "Veletrzni turnaj 2017 A "]
[Site "SÅ  informatiky, poÅ¡tovnictvÃ"]
[Date "2017.08.27"]
[Round "2.20"]
[White "Glozar, Petr"]
[Black "Khadash, Kamil"]
[Result "1-0"]
[WhiteElo "1740"]
[BlackElo "1540"]
[PlyCount "117"]
[EventDate "2017.08.27"]

1. e4 e5 2. Nf3 Nc6 3. Bb5 a6 4. Ba4 Nf6 5. d3 b5 6. Bb3 h6 7. O-O d6 8. h3 Be7
9. Be3 O-O 10. Nc3 Bb7 11. Nd5 Na5 12. Nxf6+ Bxf6 13. Qd2 c5 14. Bd5 Bxd5 15.
exd5 Re8 16. c3 e4 17. dxe4 Rxe4 18. Qd3 Re7 19. Rad1 Qd7 20. Rfe1 Rae8 21. Bf4
Nc4 22. Qc2 Nb6 23. Rxe7 Rxe7 24. b3 g5 25. Bg3 Bg7 26. c4 f5 27. Re1 f4 28.
Rxe7 Qxe7 29. Bh2 Qf6 30. Kf1 Nd7 31. h4 Ne5 32. Nxe5 Qxe5 33. hxg5 hxg5 34.
Qe2 b4 35. Qxe5 Bxe5 36. f3 Bd4 37. g3 Be5 38. gxf4 Bxf4 39. Bxf4 gxf4 40. Kg2
Kf7 41. Kh3 Kf6 42. Kg4 Ke5 43. Kg5 a5 44. Kg4 Kd4 45. Kxf4 Kc3 46. Ke3 Kb2 47.
f4 Kxa2 48. f5 Kxb3 49. f6 a4 50. f7 a3 51. f8=Q a2 52. Qf6 Ka3 53. Kd2 Kb3 54.
Qf1 a1=Q 55. Qxa1 Kxc4 56. Qh1 Kb3 57. Qb1+ Ka4 58. Qc2+ Kb5 59. Kd3 1-0

[Event "Veletrzni turnaj 2017 A "]
[Site "SÅ  informatiky, poÅ¡tovnictvÃ"]
[Date "2017.08.27"]
[Round "2.21"]
[White "Ivan, Laszlo"]
[Black "Wunsch, Radek"]
[Result "0-1"]
[WhiteElo "1482"]
[BlackElo "1734"]
[PlyCount "42"]
[EventDate "2017.08.27"]

1. e4 Nc6 2. Nf3 e5 3. Bc4 Bc5 4. c3 Nf6 5. d4 exd4 6. cxd4 Bb4+ 7. Bd2 Bxd2+
8. Nbxd2 d5 9. exd5 Nxd5 10. Qb3 Nce7 11. O-O O-O 12. Rfe1 c6 13. a4 a5 14. Ne5
Be6 15. Ne4 Nf5 16. Qf3 Nxd4 17. Qh5 Nc2 18. Bd3 Nxe1 19. Ng5 h6 20. Qxf7+ Bxf7
21. Nexf7 Nxd3 0-1

[Event "Veletrzni turnaj 2017 A "]
[Site "SÅ  informatiky, poÅ¡tovnictvÃ"]
[Date "2017.08.27"]
[Round "2.22"]
[White "Haupt, Jaromir"]
[Black "Vaculik, Martin"]
[Result "1-0"]
[WhiteElo "1728"]
[BlackElo "1400"]
[PlyCount "102"]
[EventDate "2017.08.27"]

1. d3 c5 2. e4 Nc6 3. g3 d6 4. Bg2 g6 5. c3 Bg7 6. Ne2 e6 7. O-O Nge7 8. Bg5
O-O 9. Qd2 Rb8 10. Bh6 Bd7 11. Na3 b5 12. Bxg7 Kxg7 13. d4 cxd4 14. Nxd4 a6 15.
Rfd1 Nc8 16. Nac2 Qb6 17. Kh1 Rd8 18. f4 Na5 19. b3 Nb7 20. Nf3 Nc5 21. Qd4+
Kg8 22. Ne3 Nb7 23. c4 Qxd4 24. Rxd4 Nb6 25. Rad1 Bc6 26. e5 d5 27. c5 Nd7 28.
b4 Rdc8 29. Ra1 Ra8 30. Rdd1 Ra7 31. Nd4 Nd8 32. Bf1 Rca8 33. Nec2 Nb8 34. Kg1
Bd7 35. Kf2 Nbc6 36. Ke3 Nxd4 37. Nxd4 Nc6 38. Nxc6 Bxc6 39. Kd4 Kf8 40. Rdb1
Ke7 41. Bd3 Kd7 42. g4 Ke7 43. h4 Kf8 44. Rh1 Kg7 45. h5 Rh8 46. h6+ Kf8 47.
Rhf1 Ke7 48. f5 Raa8 49. fxe6 fxe6 50. Rf6 Rhf8 51. Raf1 Rab8 1-0

[Event "Veletrzni turnaj 2017 A "]
[Site "SÅ  informatiky, poÅ¡tovnictvÃ"]
[Date "2017.08.27"]
[Round "2.23"]
[White "Habinova, Alice"]
[Black "Richterova, Julie"]
[Result "0-1"]
[WhiteElo "1393"]
[BlackElo "1715"]
[PlyCount "104"]
[EventDate "2017.08.27"]

1. e4 Nf6 2. e5 Nd5 3. c4 Nb6 4. d4 d6 5. f4 dxe5 6. fxe5 Nc6 7. Be3 Bf5 8. Nf3
e6 9. Be2 Be7 10. Nc3 Nb4 11. Rc1 O-O 12. O-O Qd7 13. a3 Nc6 14. Bd3 Bxd3 15.
Qxd3 Na5 16. Ne4 c5 17. Nfg5 g6 18. Qc3 Nbxc4 19. Nxc5 Bxc5 20. dxc5 Nxe3 21.
Qxe3 Nc6 22. Qh3 h5 23. Rcd1 Qe7 24. Qe3 Rad8 25. Ne4 Kg7 26. Nf6 Rxd1 27. Rxd1
Rd8 28. Rf1 Qc7 29. Qg5 Kf8 30. Qh6+ Ke7 31. Qg7 Nxe5 32. Ne4 Rd4 33. Qf6+ Kd7
34. c6+ bxc6 35. Nc5+ Kc8 36. Na6 Qb6 37. Qf2 c5 38. Rc1 Rd5 39. Nxc5 Kd8 40.
b4 Ke7 41. Qh4+ Ke8 42. Kh1 a5 43. h3 axb4 44. axb4 Nc6 45. Rc4 Rd1+ 46. Kh2
Rb1 47. Nd3 Qg1+ 48. Kg3 Qe3+ 49. Kh2 Qxd3 50. Rxc6 Qd7 51. Ra6 Qc7+ 52. Qg3
Rh1+ 0-1

[Event "Veletrzni turnaj 2017 A "]
[Site "SÅ  informatiky, poÅ¡tovnictvÃ"]
[Date "2017.08.27"]
[Round "2.24"]
[White "Prokop, Jiri"]
[Black "Richter, Rudolf"]
[Result "1/2-1/2"]
[WhiteElo "1701"]
[BlackElo "1251"]
[PlyCount "96"]
[EventDate "2017.08.27"]

1. f4 d5 2. Nf3 Nc6 3. d4 Nf6 4. e3 Bf5 5. Be2 e6 6. O-O Bb4 7. c3 Ba5 8. a4 a6
9. b4 Bb6 10. b5 axb5 11. Bxb5 O-O 12. Bxc6 bxc6 13. Ne5 Qd6 14. Ba3 c5 15. Nd2
Ne4 16. Nxe4 Bxe4 17. Nd3 Bxd3 18. Qxd3 Qc6 19. dxc5 Bxc5 20. Bxc5 Qxc5 21. Qd4
Ra5 22. Rfb1 Qxd4 23. cxd4 Rfa8 24. Kf2 Kf8 25. Rb4 Ke7 26. Ke2 f5 27. g3 g6
28. h4 h5 29. Kd3 Kd6 30. Kc3 Kd7 31. Kb3 Kd6 32. Rc1 R5a6 33. Rc5 Kd7 34. Rcb5
Kd6 35. Rb8 Rxb8 36. Rxb8 Rb6+ 37. Rxb6+ cxb6 38. Kb4 Kc6 39. Kc3 Kb7 40. Kb3
Kc7 41. Kb4 Kc6 42. a5 bxa5+ 43. Kxa5 Kc7 44. Kb5 Kb7 45. Kc5 Kc7 46. Kb5 Kb7
47. Ka5 Ka7 48. Kb4 Kb6 1/2-1/2

[Event "Veletrzni turnaj 2017 A "]
[Site "SÅ  informatiky, poÅ¡tovnictvÃ"]
[Date "2017.08.28"]
[Round "3.1"]
[White "Popper, Tomas"]
[Black "Mikes, Jan"]
[Result "0-1"]
[WhiteElo "2025"]
[BlackElo "2253"]
[PlyCount "56"]
[EventDate "2017.08.27"]

1. Nf3 c5 2. b3 Nf6 3. Bb2 e6 4. e3 Be7 5. Be2 O-O 6. O-O d5 7. d4 cxd4 8. exd4
Nbd7 9. Nbd2 Re8 10. c4 Bd6 11. Rc1 Bf4 12. g3 Bh6 13. Rc3 Ne4 14. Nxe4 dxe4
15. Ne5 Nxe5 16. dxe5 Qa5 17. Qc2 Rd8 18. Qxe4 Qxa2 19. Bc1 Bxc1 20. Rfxc1 Bd7
21. Bd3 g6 22. Qe2 Qa5 23. f4 Bc6 24. h4 Rd7 25. Bb1 Rad8 26. Rd3 Rxd3 27. Bxd3
Qb6+ 28. Kh2 Rxd3 0-1

[Event "Veletrzni turnaj 2017 A "]
[Site "SÅ  informatiky, poÅ¡tovnictvÃ"]
[Date "2017.08.28"]
[Round "3.3"]
[White "Pokorny, Petr"]
[Black "Snorek, Milan"]
[Result "1/2-1/2"]
[WhiteElo "2160"]
[BlackElo "1984"]
[PlyCount "61"]
[EventDate "2017.08.27"]

1. c4 Nf6 2. d4 e6 3. Nc3 d5 4. cxd5 exd5 5. Bg5 Be7 6. e3 c6 7. Bd3 O-O 8. Qc2
Nbd7 9. Nf3 Re8 10. O-O Nf8 11. h3 g6 12. Bxf6 Bxf6 13. b4 a6 14. a4 Ne6 15.
Qb3 Ng5 16. Nxg5 Bxg5 17. Rae1 Be6 18. Qc2 f5 19. b5 axb5 20. axb5 Qd6 21. bxc6
bxc6 22. Na4 Bd8 23. Qc5 Bc7 24. Qxd6 Bxd6 25. Ra1 Ra7 26. Rfc1 Rc8 27. Nb6
Rxa1 28. Rxa1 Rb8 29. Ra8 Rxa8 30. Nxa8 Kf7 31. Nb6 1/2-1/2

[Event "Veletrzni turnaj 2017 A "]
[Site "SÅ  informatiky, poÅ¡tovnictvÃ"]
[Date "2017.08.28"]
[Round "3.4"]
[White "Hrdlicka, Vladan"]
[Black "Zpevakova, Jana"]
[Result "1-0"]
[WhiteElo "1781"]
[BlackElo "2134"]
[PlyCount "59"]
[EventDate "2017.08.27"]

1. e4 e6 2. d4 d5 3. Nc3 Bb4 4. exd5 exd5 5. Bd3 Nc6 6. a3 Be7 7. Be3 Nf6 8. h3
Be6 9. g4 h6 10. f4 a6 11. Qf3 b5 12. g5 hxg5 13. fxg5 Nh5 14. g6 Bh4+ 15. Kd2
Qf6 16. gxf7+ Bxf7 17. Nxd5 Qxf3 18. Nxc7+ Kd7 19. Nxf3 Kxc7 20. Nxh4 Bd5 21.
Rhg1 Rad8 22. Ng6 Rhe8 23. Nf4 Nxd4 24. Nxd5+ Rxd5 25. Raf1 Nxc2 26. Rf7+ Kd6
27. Rg6+ Nf6 28. Bf4+ Ke6 29. Ra7 Nd4 30. Rxa6+ 1-0

[Event "Veletrzni turnaj 2017 A "]
[Site "SÅ  informatiky, poÅ¡tovnictvÃ"]
[Date "2017.08.28"]
[Round "3.5"]
[White "Hosek, Martin"]
[Black "Macurek, Miloslav"]
[Result "1-0"]
[WhiteElo "2122"]
[BlackElo "1854"]
[PlyCount "62"]
[EventDate "2017.08.27"]

1. d4 Nf6 2. c4 g6 3. Nc3 Bg7 4. e4 d6 5. f3 O-O 6. Be3 e5 7. Nge2 c6 8. Qd2
Nbd7 9. O-O-O a6 10. g4 h5 11. gxh5 Nxh5 12. Ng3 exd4 13. Bxd4 Ne5 14. Bxe5
Bxe5 15. Nxh5 Qh4 16. f4 Bxc3 17. Qxc3 Qxh5 18. Rxd6 b5 19. c5 b4 20. Qe3 Re8
21. Bc4 Bf5 22. e5 Be6 23. Bxe6 Rxe6 24. Rxe6 fxe6 25. Qe4 Qh6 26. Rg1 Kf7 27.
Kb1 Ra7 28. h4 a5 29. Rg5 Rc7 30. Qd3 Re7 31. Kc2 Qxh4 1-0

[Event "Veletrzni turnaj 2017 A "]
[Site "SÅ  informatiky, poÅ¡tovnictvÃ"]
[Date "2017.08.28"]
[Round "3.6"]
[White "Romanov, Sergey"]
[Black "Barak, David"]
[Result "1-0"]
[WhiteElo "2111"]
[BlackElo "1785"]
[PlyCount "77"]
[EventDate "2017.08.27"]

1. e4 c5 2. Nf3 e6 3. d4 cxd4 4. Nxd4 d6 5. c4 Nf6 6. Nc3 Be7 7. Be2 O-O 8. Be3
b6 9. Bf3 e5 10. Nf5 Nc6 11. g4 Be6 12. b3 Rb8 13. g5 Ne8 14. h4 f6 15. Rg1
fxg5 16. hxg5 g6 17. Nh6+ Kg7 18. Bg4 Nc7 19. Nd5 Bxg4 20. Qxg4 Nxd5 21. exd5
Nb4 22. Kd2 Rb7 23. f4 Qd7 24. fxe5 dxe5 25. Qxd7 Rxd7 26. Ng4 Rf5 27. Raf1 Bd6
28. Nf6 Re7 29. a3 Na6 30. b4 Kh8 31. Ne4 Rd7 32. Kc3 Be7 33. d6 Bf8 34. c5
bxc5 35. bxc5 Nb8 36. Kc4 Kg7 37. Kd5 Kf7 38. c6 Nxc6 39. Kxc6 1-0

[Event "Veletrzni turnaj 2017 A "]
[Site "SÅ  informatiky, poÅ¡tovnictvÃ"]
[Date "2017.08.28"]
[Round "3.7"]
[White "Spodny, Josef"]
[Black "Stehlik, Jiri"]
[Result "1/2-1/2"]
[WhiteElo "1889"]
[BlackElo "1989"]
[PlyCount "27"]
[EventDate "2017.08.27"]

1. d4 d5 2. Nf3 Nf6 3. e3 g6 4. c4 c6 5. Nc3 Bg7 6. Bd3 O-O 7. O-O Bf5 8. Bxf5
gxf5 9. Ne5 dxc4 10. Nxc4 Nbd7 11. Qf3 e6 12. Rd1 Qc7 13. Qg3 Qxg3 14. hxg3
1/2-1/2

[Event "Veletrzni turnaj 2017 A "]
[Site "SÅ  informatiky, poÅ¡tovnictvÃ"]
[Date "2017.08.28"]
[Round "3.8"]
[White "Pribyl, Rene"]
[Black "Marsa, Alexandr"]
[Result "1-0"]
[WhiteElo "1988"]
[BlackElo "1905"]
[PlyCount "87"]
[EventDate "2017.08.27"]

1. d4 Nf6 2. c4 e6 3. Nc3 Bb4 4. Bd2 O-O 5. f3 d5 6. e3 b6 7. a3 Be7 8. cxd5
exd5 9. Bd3 Bb7 10. Nge2 Re8 11. O-O Bd6 12. Nb5 Bf8 13. b4 a6 14. Nbc3 Nbd7
15. Na4 c5 16. Bf5 c4 17. Qc2 Bc6 18. Rae1 g6 19. Bh3 Bxa4 20. Qxa4 b5 21. Qc2
Nb6 22. g3 Na4 23. Nc3 Nxc3 24. Bxc3 a5 25. e4 axb4 26. axb4 Ra4 27. e5 Nh5 28.
Qd2 Qb6 29. g4 Ng7 30. f4 Rea8 31. f5 Ra2 32. Qf4 R8a3 33. Re3 Rc2 34. Rff3
Rcxc3 35. Rxc3 Rxc3 36. Rxc3 Bxb4 37. Rc2 Bf8 38. Bg2 Qa5 39. Bxd5 Qe1+ 40. Kg2
gxf5 41. gxf5 Bb4 42. Qg5 Qd1 43. Rf2 Qxd4 44. Qd8+ 1-0

[Event "Veletrzni turnaj 2017 A "]
[Site "SÅ  informatiky, poÅ¡tovnictvÃ"]
[Date "2017.08.28"]
[Round "3.9"]
[White "Khadash, Samuel"]
[Black "Zuziak, Petr"]
[Result "0-1"]
[WhiteElo "1389"]
[BlackElo "1905"]
[PlyCount "104"]
[EventDate "2017.08.27"]

1. e4 Nc6 2. d4 d5 3. e5 Bf5 4. f4 e6 5. Nf3 Nge7 6. c3 h5 7. Bd3 g6 8. Bxf5
Nxf5 9. Qe2 Bh6 10. g3 Qd7 11. Nbd2 O-O-O 12. Nb3 Bf8 13. Kf2 Be7 14. Ne1 Nb8
15. Nd3 b6 16. a4 a5 17. Nd2 c5 18. dxc5 bxc5 19. b3 c4 20. bxc4 dxc4 21. Nxc4
Qxd3 22. Nd6+ Rxd6 23. exd6 Qxe2+ 24. Kxe2 Bxd6 25. Rb1 Kc7 26. Bd2 Nc6 27. Kd3
Bc5 28. Rb2 Rd8+ 29. Kc2 Nd6 30. Rhb1 Rb8 31. Rxb8 Nxb8 32. Kd3 Nc6 33. Rb3 Nf5
34. Rb1 h4 35. g4 Nh6 36. h3 f5 37. gxf5 Nxf5 38. Re1 Kd6 39. Rb1 Nfe7 40. c4
e5 41. Be3 Nb4+ 42. Ke4 Bxe3 43. fxe5+ Ke6 44. Kxe3 Kxe5 45. Rg1 Nf5+ 46. Kd2
Ng3 47. Ke3 g5 48. Kf3 Kd4 49. Kg4 Ne4 50. Kf5 Nd3 51. Rb1 Ndf2 52. c5 Kxc5 0-1